Brazil Quiz - Statistics

General Stats
  • This quiz has been taken 30 times
    13 since last reset
  • The average score is 11 of 14
Answer Stats
Hint Answer % Correct
Name a color that is featured on the Brazilian flag. White/Green/Yellow/Blue
100%
Name the longest river that touches or is inside the borders of Brazil. Amazon River
90%
What is the capital of Brazil? Brasília
90%
What is the most popular sport in Brazil? Futball/Football/Soccer
90%
What is the second most populous city in Brazil? Rio de Janeiro
90%
What continent is Brazil considered part of? South America
90%
Name a country that borders Brazil Uruguay/Argentina/Paraguay/Bolivia/Peru/Colombia/Venezuela/Guyana/Suriname/French Guiana/France
90%
Who is the current President of Brazil? Jair Bolsonaro
80%
Is Brazil landlocked? No
80%
What is the most populous city in Brazil? São Paulo
80%
What does the Brazilian company Petrobras mainly produce? Oil/Gas
70%
Rounded to the nearest 10 million, what is the population of Brazil? Example: Russia's population is 144.1 Million. My answer would be 140 210 Million
60%
What is the dominant religion in Brazil? Catholicism
50%
What is Brazil's biggest export? Soybeans
10%
No matching quizzes found
Score Distribution
Percent of People with Each Score
Percentile by Number Answered
Your Score History
You have not taken this quiz since the last reset